Normal view
MARC view
- تأليف: الزيدي،مفيد
Entry Personal Name
001 - CONTROL NUMBER
- control field: 60344
003 - CONTROL NUMBER IDENTIFIER
- control field: JO-AjAnu
005 - DATE AND TIME OF LATEST TRANSACTION
- control field: 20230606083850.0
008 - FIXED-LENGTH DATA ELEMENTS
- fixed length control field: 230606|| aca||aabn | a|a d
040 ## - CATALOGING SOURCE
- Original cataloging agency: JO-AjAnu
- Transcribing agency: JO-AjAnu
100 ## - HEADING--PERSONAL NAME
- Personal name: تأليف: الزيدي،مفيد
670 ## - SOURCE DATA FOUND
- Source citation: Work cat.: (JO-AjAnu)30773: تأليف: الزيدي،مفيد, author, موسوعة تاريخ اوروبا الحديث والمعاصر من الثورة الفرنسية الى الحرب العالمية الاولى (1789-1914)ج 3-4